| 000 | 00599nam a2200181Ia 4500 | ||
|---|---|---|---|
| 008 | 100920s9999 xx 000 0 und d | ||
| 082 |
_b52694 _a891.43 थ 85 |
||
| 100 | _aमुकर्जी हिरेन. | ||
| 245 | _aयुगान्तकारी विजय. | ||
| 260 |
_bशब्दकार, दिल्ली. _c1985 |
||
| 300 |
_a136 _bसाधी |
||
| 365 | _b15 | ||
| 520 | _aहिंदी. | ||
| 630 | _aयुगान्तकारी विजय. | ||
| 650 | _aहिंदी. | ||
| 730 | _aयुगान्तकारी विजय. | ||
| 942 | _cBOOK | ||
| 999 |
_c697984 _d697981 |
||